Lợi thế cạnh tranh quốc gia = The competitive advantage of nations

Sách lý giải nguồn gốc của sự thịnh vượng bền vững trong nền kinh tế toàn cầu hiện đại của quốc gia.

Tallennettuna:
Bibliografiset tiedot
Päätekijä: Porter, Michael E .
Aineistotyyppi: Kirja
Kieli:Undetermined
Julkaistu: Thành phố Hồ Chí Minh Trẻ 2009
Aiheet:
Tagit: Lisää tagi
Ei tageja, Lisää ensimmäinen tagi!
Thư viện lưu trữ: Trung tâm Học liệu Trường Đại học Cần Thơ
LEADER 00908nam a2200217Ia 4500
001 CTU_158518
008 210402s9999 xx 000 0 und d
020 |c 240000 
082 |a 338.9 
082 |b P847 
100 |a Porter, Michael E . 
245 0 |a Lợi thế cạnh tranh quốc gia = 
245 4 |b The competitive advantage of nations 
245 0 |c Michael M. Porter ; Nguyễn Ngọc Toàn, ... [et. al] dịch 
260 |a Thành phố Hồ Chí Minh 
260 |b Trẻ 
260 |c 2009 
520 |a Sách lý giải nguồn gốc của sự thịnh vượng bền vững trong nền kinh tế toàn cầu hiện đại của quốc gia. 
650 |a Industrial policy,Competition, International,Strategic planning,Economic development,Industrial management 
904 |i Bạch Trúc 
980 |a Trung tâm Học liệu Trường Đại học Cần Thơ